Volcan - Mort subite - Statistiques

Statistiques générales
  • Ce quiz a été pris 515 fois
  • Le résultat moyen est 8 sur 20
Answers on the Grid
Answers color-coded by a green-red scale on the quiz's grid according to % correct below.
Mont Fuji
Vésuve
Etna
Montagne Pelée
Krakatoa
Eyjafjöll
Mauna Loa
Pinatubo
Soufrière
Kilimandjaro
Piton de la Fournaise
Piton des Neiges
Mont Kenya
Mont Cameroun
Mont Saint Helens
Elbrouz
Mont Ararat
Puy de Dôme
Puy de Sancy
Stromboli
Mont Blanc
Everest
K2
Aconcagua
Denali
Montagne de la Table
Grand Ballon
Ben Nevis
Aneto
Annapurna I
Mont Rushmore
Pain de Sucre
Mont Olympe
Cervin
Mont Logan
Mont Ventoux
 
Statistiques - réponses
Réponse % Correct
Etna
75%
Vésuve
71%
Piton de la Fournaise
67%
Mont Fuji
54%
Stromboli
52%
Soufrière
48%
Puy de Dôme
45%
Piton des Neiges
40%
Krakatoa
39%
Eyjafjöll
37%
Montagne Pelée
37%
Mont Saint Helens
35%
Kilimandjaro
34%
Puy de Sancy
34%
Pinatubo
28%
Mauna Loa
23%
Mont Kenya
14%
Elbrouz
12%
Mont Ararat
11%
Mont Cameroun
11%
Aucun quiz correspondant
Distribution des résultats
% des personnes avec chaque résultat
Percentile par nombre de réponses
Votre historique - résultats
Vous n’avez pas pris ce quiz